Statistics for Top 10 Most Developed Countries in Africa

Click here to take the quiz!

General Stats

  • This quiz has been taken 27 times
  • The average score is 6 of 10

Answer Stats

#Country% Correct
#1Seychelles
100%
#2Mauritius
92%
#3Algeria
76%
#4Tunisia
68%
#5Botswana
60%
#9Egypt
56%
#8South Africa
56%
#10Morocco
52%
#6Libya
48%
#7Gabon
40%

Score Distribution

Percentile by Number Answered

Percent of People with Each Score

Your Score History

You have not taken this quiz